00725nam a22002057a 450000500170000001000150001702000260003203500140005803700090007208200130008110000300009424500390012425000060016326000410016927000880021030000200029894200240031899900190034295201580036120260318151103.0 aENG-147908 a9789361591464c450.00 aEN-131440 bDBAD a327.122 aDattagupta, Rupak 988592 aGlobal Politics/cRupak Dattagupta a2 aNoidabPearson India Educationc2026 a15th Floor, Towe-B, World Trade Tower, Plot No.1, Block-C, Sector-16bNoidae201301 a317p.c24cm(pb) 2ddccENh327.1mDAT c215622d215622 001040708NFICaDBADbDBADd2026-03-18eDelivery of Books Act Divisiong450.00l0o327.1 DATpEN-131440r2026-03-18 00:00:00t1v450.00w2026-03-18yEN